[Event "Titled Tuesday intern op 03rd Jan Late"]
[Site "Chess.com INT"]
[Date "2023.01.03"]
[Round "6"]
[White "Gardezi, Arsal"]
[Black "Schill, William"]
[Result "0-1"]
[WhiteElo "2063"]
[BlackElo "2147"]
[PlyCount "81"]
[EventDate "2023.01.03"]
[EventType "swiss (blitz)"]
[EventRounds "11"]
[EventCountry "USA"]
[SourceTitle "EXT 2024"]
[Source "ChessBase"]
[SourceDate "2023.10.10"]
[SourceVersion "1"]
[SourceVersionDate "2023.10.10"]
[SourceQuality "1"]

1. Nf3 Nf6 2. g3 g6 3. Bg2 Bg7 4. 0-0 0-0 5. d4 d6 6. c4 Nbd7 7. Nc3 e5 8. e4 c6 9. Bg5 h6 10. Bd2 Qb6 11. Na4 Qa6 12. Rc1 Nxe4 13. Nxe5 Nxd2 14. Nxd7 Bxd7 15. Qxd2 Qxa4 16. Rfe1 Rfe8 17. b3 Qa3 18. Qf4 Bf8 19. d5 c5 20. h4 h5 21. Be4 Qxa2 22. Rc3 Qb2 23. Rf3 Qg7 24. Rfe3 Qe5 25. Qf3 Bg4 26. Qg2 Qd4 27. Rd3 Rxe4 28. Qxe4 Qxe4 29. Rxe4 Bf5 30. Rde3 Bxe4 31. Rxe4 a6 32. f4 b5 33. f5 bxc4 34. bxc4 a5 35. f6 a4 36. Re3 a3 37. Re1 a2 38. Ra1 Bh6 39. Kf2 Bd2 40. Ke2 Bc3 41. Kd3 0-1

[Event "Titled Tuesday intern op 27th Sep Early"]
[Site "Chess.com INT"]
[Date "2022.09.27"]
[Round "10"]
[White "Rios Escobar, Adan"]
[Black "Schill, William"]
[Result "1-0"]
[WhiteElo "2276"]
[BlackElo "2147"]
[PlyCount "51"]
[EventDate "2022.09.27"]
[EventType "swiss (blitz)"]
[EventRounds "11"]
[EventCountry "USA"]
[SourceTitle "CBM 210 Extra"]
[Source "ChessBase"]
[SourceDate "2022.11.30"]
[SourceVersion "1"]
[SourceVersionDate "2022.11.30"]
[SourceQuality "1"]

1. d4 Nf6 2. g3 g6 3. Bg2 Bg7 4. e4 d6 5. Ne2 0-0 6. 0-0 c6 7. a4 e5 8. h3 Qc7 9. Nbc3 Na6 10. Be3 Re8 11. g4 exd4 12. Bxd4 Nd7 13. Bxg7 Kxg7 14. Qd4+ Kg8 15. Rad1 Qb6 16. b3 Qxd4 17. Rxd4 d5 18. exd5 c5 19. Re4 Rxe4 20. Nxe4 Nb4 21. c4 b6 22. N2c3 Rb8 23. Nb5 Ne5 24. Nxa7 Ned3 25. Kh2 Bd7 26. Nf6+ 1-0

[Event "Titled Tuesday intern op 27th Sep Early"]
[Site "Chess.com INT"]
[Date "2022.09.27"]
[Round "11"]
[White "Schill, William"]
[Black "Saucey, Michel"]
[Result "0-1"]
[WhiteElo "2147"]
[BlackElo "2249"]
[PlyCount "48"]
[EventDate "2022.09.27"]
[EventType "swiss (blitz)"]
[EventRounds "11"]
[EventCountry "USA"]
[SourceTitle "CBM 210 Extra"]
[Source "ChessBase"]
[SourceDate "2022.11.30"]
[SourceVersion "1"]
[SourceVersionDate "2022.11.30"]
[SourceQuality "1"]

1. e4 c5 2. Nf3 e6 3. d4 cxd4 4. Nxd4 Nc6 5. Nc3 Qc7 6. Be3 a6 7. Qd2 Nf6 8. f3 Bb4 9. a3 Be7 10. Nb3 b5 11. Rd1 Ne5 12. Qd4 d6 13. Qb6 Qxb6 14. Bxb6 0-0 15. Bc7 Ne8 16. Ba5 Bb7 17. Be2 Rc8 18. 0-0 Nc4 19. Bxc4 Rxc4 20. Bb4 Rc7 21. Na5 Ba8 22. Rd3 Bf6 23. Rfd1 Be5 24. g3 g5 0-1

[Event "Titled Tuesday intern op 23rd Aug Late"]
[Site "Chess.com INT"]
[Date "2022.08.23"]
[Round "5"]
[White "Sanchez, Roberto Daniel"]
[Black "Schill, William"]
[Result "1-0"]
[WhiteElo "1966"]
[BlackElo "2147"]
[PlyCount "51"]
[EventDate "2022.08.23"]
[EventType "swiss (blitz)"]
[EventRounds "11"]
[EventCountry "USA"]
[SourceTitle "EXT 2023"]
[Source "ChessBase"]
[SourceDate "2022.10.05"]
[SourceVersion "1"]
[SourceVersionDate "2022.10.05"]
[SourceQuality "1"]

1. e4 c5 2. Nf3 Nc6 3. d4 cxd4 4. Nxd4 e5 5. Nb5 d6 6. N1c3 a6 7. Na3 Be7 8. Nd5 Nf6 9. Bd3 Nxd5 10. exd5 Qa5+ 11. c3 Qxd5 12. 0-0 e4 13. Bc2 Qxd1 14. Rxd1 Bg4 15. Re1 d5 16. Bb3 Be6 17. Be3 Bxa3 18. bxa3 0-0 19. Rad1 Rfd8 20. Bb6 Rd7 21. a4 Rc8 22. c4 dxc4 23. Rxd7 Bxd7 24. Bxc4 Nb4 25. Rxe4 Be6 26. Rxe6 1-0

[Event "Titled Tuesday intern op 12th Oct"]
[Site "Chess.com INT"]
[Date "2021.10.12"]
[Round "4"]
[White "Schill, William"]
[Black "Lamotte Tavares, Patrick"]
[Result "1-0"]
[WhiteElo "2147"]
[BlackElo "1955"]
[PlyCount "57"]
[EventDate "2021.10.12"]
[EventType "swiss (blitz)"]
[EventRounds "11"]
[EventCountry "USA"]
[SourceTitle "EXT 2023"]
[Source "ChessBase"]
[SourceDate "2022.10.05"]
[SourceVersion "1"]
[SourceVersionDate "2022.10.05"]
[SourceQuality "1"]

1. e4 c5 2. Nf3 d6 3. d4 cxd4 4. Nxd4 Nf6 5. Nc3 a6 6. Bg5 e6 7. f3 Be7 8. Qd2 Qc7 9. a4 Nbd7 10. a5 Ne5 11. Be3 Bd7 12. Be2 0-0 13. 0-0 Rac8 14. Na4 Bxa4 15. Rxa4 Nc6 16. Nxc6 Qxc6 17. Rc4 Qd7 18. Bb6 Rxc4 19. Bxc4 Rc8 20. b3 d5 21. exd5 exd5 22. Bd3 Bd6 23. Re1 h6 24. Bd4 Be7 25. Qe3 Re8 26. Qf4 Bd8 27. Rxe8+ Qxe8 28. Kf2 Bb6 29. axb6 1-0

[Event "Titled Tuesday intern op 17th Aug"]
[Site "Chess.com INT"]
[Date "2021.08.17"]
[Round "7"]
[White "Bonte, Andrei Mihai"]
[Black "Schill, William"]
[Result "0-1"]
[WhiteElo "2313"]
[BlackElo "2147"]
[PlyCount "56"]
[EventDate "2021.08.17"]
[EventType "swiss (blitz)"]
[EventRounds "11"]
[EventCountry "USA"]
[SourceTitle "EXT 2022"]
[Source "ChessBase"]
[SourceDate "2021.10.06"]
[SourceVersion "1"]
[SourceVersionDate "2021.10.06"]
[SourceQuality "1"]

1. d4 Nf6 2. c4 g6 3. Nc3 Bg7 4. e4 d6 5. Nf3 0-0 6. Be2 e5 7. 0-0 Nc6 8. d5 Ne7 9. Nh4 c6 10. Be3 c5 11. g3 Bh3 12. Re1 a6 13. Qd2 Rb8 14. a4 Ng4 15. Bxg4 Bxg4 16. f3 Bd7 17. a5 b5 18. axb6 Rxb6 19. Ra2 f5 20. exf5 gxf5 21. Ng2 Ng6 22. f4 e4 23. Rea1 Qb8 24. Nd1 Qb7 25. Ne1 Rb8 26. Nc2 Rb3 27. Rxa6 Bxb2 28. Ra7 Qc8 0-1

[Event "Titled Tuesday intern op 17th Aug"]
[Site "Chess.com INT"]
[Date "2021.08.17"]
[Round "6"]
[White "Golubenko, Valentina"]
[Black "Schill, William"]
[Result "1-0"]
[WhiteElo "2209"]
[BlackElo "2147"]
[PlyCount "53"]
[EventDate "2021.08.17"]
[EventType "swiss (blitz)"]
[EventRounds "11"]
[EventCountry "USA"]
[SourceTitle "EXT 2022"]
[Source "ChessBase"]
[SourceDate "2021.10.06"]
[SourceVersion "1"]
[SourceVersionDate "2021.10.06"]
[SourceQuality "1"]

1. d4 Nf6 2. g3 g6 3. Bg2 Bg7 4. Nf3 0-0 5. 0-0 d6 6. d5 e5 7. dxe6 fxe6 8. c4 Nc6 9. Nc3 Bd7 10. a3 a5 11. Qc2 Qe7 12. Bg5 Qf7 13. Rab1 h6 14. Bd2 Ng4 15. b4 axb4 16. axb4 Rab8 17. Nb5 Be8 18. Bc3 Nce5 19. Nxe5 Nxe5 20. h3 Bxb5 21. cxb5 Rfc8 22. f4 Nd7 23. Bxg7 Kxg7 24. e4 Nb6 25. f5 e5 26. fxg6 Qxg6 27. Qb3 1-0

[Event "Titled Tuesday intern op 17th Aug"]
[Site "Chess.com INT"]
[Date "2021.08.17"]
[Round "1"]
[White "Schill, William"]
[Black "Klabis, Rokas"]
[Result "1-0"]
[WhiteElo "2147"]
[BlackElo "2323"]
[PlyCount "53"]
[EventDate "2021.08.17"]
[EventType "swiss (blitz)"]
[EventRounds "11"]
[EventCountry "USA"]
[SourceTitle "EXT 2022"]
[Source "ChessBase"]
[SourceDate "2021.10.06"]
[SourceVersion "1"]
[SourceVersionDate "2021.10.06"]
[SourceQuality "1"]

1. e4 e5 2. Nf3 Nc6 3. Nc3 Nf6 4. Be2 Bc5 5. Nxe5 Nxe5 6. d4 Bxd4 7. Qxd4 d6 8. Bg5 h6 9. Bh4 g5 10. Bg3 Ng6 11. Nd5 Nxd5 12. exd5 0-0 13. h4 Re8 14. hxg5 Qxg5 15. Kf1 Bf5 16. Rh5 Qe7 17. Re1 Qe4 18. Qd2 Bg4 19. f3 Qxe2+ 20. Rxe2 Rxe2 21. Qxe2 Bxh5 22. Be1 Nf8 23. g4 Bg6 24. Bc3 Nd7 25. Qe3 Kh7 26. Qd4 Rg8 27. f4 1-0

[Event "Titled Tuesday intern op 17th Aug"]
[Site "Chess.com INT"]
[Date "2021.08.17"]
[Round "5"]
[White "Schill, William"]
[Black "Nastore, Pavel Alexandru"]
[Result "0-1"]
[WhiteElo "2147"]
[BlackElo "2227"]
[PlyCount "44"]
[EventDate "2021.08.17"]
[EventType "swiss (blitz)"]
[EventRounds "11"]
[EventCountry "USA"]
[SourceTitle "EXT 2022"]
[Source "ChessBase"]
[SourceDate "2021.10.06"]
[SourceVersion "1"]
[SourceVersionDate "2021.10.06"]
[SourceQuality "1"]

1. e4 c5 2. Nf3 d6 3. d4 cxd4 4. Nxd4 Nf6 5. Nc3 a6 6. Bg5 e6 7. f4 h6 8. Bh4 Be7 9. Qe2 Qc7 10. 0-0-0 Nbd7 11. g4 g5 12. fxg5 hxg5 13. Bxg5 Ne5 14. Bxf6 Bxf6 15. Bg2 Bd7 16. h4 Bxh4 17. Nf3 Bf6 18. Rxh8+ Bxh8 19. g5 0-0-0 20. Nd4 Bc6 21. Rh1 Qe7 22. Qh5 Bg7 0-1

[Event "Titled Tuesday intern op 17th Aug"]
[Site "Chess.com INT"]
[Date "2021.08.17"]
[Round "3"]
[White "Sevian, Samuel"]
[Black "Schill, William"]
[Result "1-0"]
[WhiteElo "2647"]
[BlackElo "2147"]
[PlyCount "41"]
[EventDate "2021.08.17"]
[EventType "swiss (blitz)"]
[EventRounds "11"]
[EventCountry "USA"]
[SourceTitle "EXT 2022"]
[Source "ChessBase"]
[SourceDate "2021.10.06"]
[SourceVersion "1"]
[SourceVersionDate "2021.10.06"]
[SourceQuality "1"]

1. d4 Nf6 2. c4 g6 3. f3 Bg7 4. e4 d6 5. Bg5 h6 6. Bh4 c6 7. Ne2 a6 8. a4 a5 9. Nec3 Na6 10. Be2 Nb4 11. 0-0 e5 12. d5 cxd5 13. cxd5 0-0 14. Nd2 g5 15. Bf2 Nh5 16. Nc4 Nf4 17. Bb6 Qe7 18. Bxa5 Na6 19. Nb5 Nc5 20. Bb4 Nxe2+ 21. Qxe2 1-0

[Event "Titled Tuesday intern op 16th Mar"]
[Site "Chess.com INT"]
[Date "2021.03.16"]
[Round "6"]
[White "Fajdetic, Hrvoje"]
[Black "Schill, William"]
[Result "0-1"]
[WhiteElo "2151"]
[BlackElo "2147"]
[PlyCount "92"]
[EventDate "2021.03.16"]
[EventType "swiss (blitz)"]
[EventRounds "11"]
[EventCountry "USA"]
[SourceTitle "CBM 201 Extra"]
[Source "ChessBase"]
[SourceDate "2021.05.31"]
[SourceVersion "1"]
[SourceVersionDate "2021.05.31"]
[SourceQuality "1"]

1. d4 Nf6 2. Bf4 g6 3. Nc3 d5 4. e3 a6 5. h4 h5 6. Nf3 Bg7 7. Ne5 Nbd7 8. Be2 c6 9. f3 Nxe5 10. Bxe5 Qb6 11. Na4 Qa5+ 12. c3 0-0 13. b4 Qd8 14. g4 Be6 15. Nc5 Qc8 16. Bxf6 Bxf6 17. gxh5 gxh5 18. f4 b6 19. Nd3 Bg4 20. Rg1 Bxh4+ 21. Kd2 f5 22. Ne5 Bf6 23. Bxg4 hxg4 24. Qc2 Bxe5 25. dxe5 Kg7 26. c4 e6 27. cxd5 cxd5 28. Qb3 Qc4 29. Qxc4 dxc4 30. a4 b5 31. Kc3 Rfd8 32. axb5 axb5 33. Rxa8 Rxa8 34. Rd1 Ra3+ 35. Kd4 Rb3 36. Kc5 c3 37. Kxb5 c2 38. Rc1 Rxe3 39. Rxc2 Rf3 40. Rc4 g3 41. Rc1 Rxf4 42. Rg1 Rg4 43. Kc5 f4 44. b5 f3 45. b6 f2 46. b7 fxg1Q+ 0-1

[Event "Titled Tuesday intern op 16th Mar"]
[Site "Chess.com INT"]
[Date "2021.03.16"]
[Round "9"]
[White "Schut, Han"]
[Black "Schill, William"]
[Result "1-0"]
[WhiteElo "2101"]
[BlackElo "2147"]
[PlyCount "69"]
[EventDate "2021.03.16"]
[EventType "swiss (blitz)"]
[EventRounds "11"]
[EventCountry "USA"]
[SourceTitle "CBM 201 Extra"]
[Source "ChessBase"]
[SourceDate "2021.05.31"]
[SourceVersion "1"]
[SourceVersionDate "2021.05.31"]
[SourceQuality "1"]

1. e4 c5 2. Nf3 Nc6 3. d4 cxd4 4. Nxd4 e5 5. Nb5 d6 6. N1c3 a6 7. Na3 Be7 8. Nd5 Nf6 9. Be3 Nxd5 10. exd5 Nd4 11. Nc4 b5 12. c3 Nf5 13. Bb6 Qd7 14. Ne3 Rb8 15. Nxf5 Qxf5 16. Be3 Qg6 17. g3 Qe4 18. Rg1 Bg4 19. Bg2 Qxe3+ 20. fxe3 Bxd1 21. Kxd1 0-0 22. a4 Bg5 23. Ke2 bxa4 24. Rgb1 Rb3 25. Rxa4 Rfb8 26. Ra2 f5 27. h4 Bh6 28. Kd3 g6 29. e4 f4 30. g4 Bf8 31. Bf3 Be7 32. h5 g5 33. Bd1 R3b6 34. b4 Bd8 35. Ra4 1-0

[Event "Titled Tuesday intern op 16th Mar"]
[Site "Chess.com INT"]
[Date "2021.03.16"]
[Round "4"]
[White "Villalba, Marcelo"]
[Black "Schill, William"]
[Result "1-0"]
[WhiteElo "2258"]
[BlackElo "2147"]
[PlyCount "93"]
[EventDate "2021.03.16"]
[EventType "swiss (blitz)"]
[EventRounds "11"]
[EventCountry "USA"]
[SourceTitle "CBM 201 Extra"]
[Source "ChessBase"]
[SourceDate "2021.05.31"]
[SourceVersion "1"]
[SourceVersionDate "2021.05.31"]
[SourceQuality "1"]

1. e4 c5 2. Nf3 Nc6 3. Nc3 e5 4. Bc4 Be7 5. d3 d6 6. Nd2 Nf6 7. Nf1 0-0 8. Ne3 Be6 9. 0-0 Nd7 10. Ned5 Nb6 11. Nxb6 Qxb6 12. f4 exf4 13. Rxf4 Ne5 14. b3 Bg5 15. Rf2 Bxc1 16. Qxc1 Qd8 17. h3 a6 18. Qf4 b5 19. Bd5 Rb8 20. Raf1 b4 21. Nd1 Bxd5 22. exd5 f5 23. Qd2 Qd7 24. Ne3 g6 25. Nc4 Nxc4 26. dxc4 Rbe8 27. Re1 Rxe1+ 28. Qxe1 Re8 29. Re2 Kf7 30. Kf2 Re7 31. Rxe7+ Qxe7 32. Qd2 Qe5 33. Kg1 a5 34. h4 Qd4+ 35. Qxd4 cxd4 36. Kf2 Kf6 37. Ke2 Ke5 38. g3 h6 39. Kd3 g5 40. hxg5 hxg5 41. Ke2 Ke4 42. Kf2 f4 43. gxf4 gxf4 44. Ke2 f3+ 45. Kf2 Kf4 46. c5 Ke5 47. c6 1-0

[Event "Titled Tuesday intern op 23rd Feb"]
[Site "Chess.com INT"]
[Date "2021.02.23"]
[Round "5"]
[White "Unneland, Mathias"]
[Black "Schill, William"]
[Result "1-0"]
[WhiteElo "2306"]
[BlackElo "2147"]
[PlyCount "45"]
[EventDate "2021.02.23"]
[EventType "swiss (blitz)"]
[EventRounds "11"]
[EventCountry "USA"]
[SourceTitle "CBM 200 Extra"]
[Source "ChessBase"]
[SourceDate "2021.03.31"]
[SourceVersion "1"]
[SourceVersionDate "2021.03.31"]
[SourceQuality "1"]

1. e4 c5 2. Nf3 Nc6 3. Bb5 Nf6 4. e5 Nd5 5. Nc3 Nc7 6. Bc4 d5 7. exd6 exd6 8. d3 d5 9. Bb3 Be7 10. 0-0 0-0 11. Bf4 d4 12. Ne4 Bg4 13. h3 Bh5 14. Ng3 Bg6 15. Re1 Nd5 16. Bd2 Bf6 17. Ne4 Be7 18. a3 Re8 19. Ng3 Qd7 20. Ne5 Nxe5 21. Rxe5 Nc7 22. Qf3 Bf6 23. Rxc5 1-0

[Event "Titled Tuesday intern op 16th Feb"]
[Site "Chess.com INT"]
[Date "2021.02.16"]
[Round "4"]
[White "Bures, Vit"]
[Black "Schill, William"]
[Result "1-0"]
[WhiteElo "2119"]
[BlackElo "2147"]
[PlyCount "47"]
[EventDate "2021.02.16"]
[EventType "swiss (blitz)"]
[EventRounds "11"]
[EventCountry "USA"]
[SourceTitle "EXT 2022"]
[Source "ChessBase"]
[SourceDate "2021.10.06"]
[SourceVersion "1"]
[SourceVersionDate "2021.10.06"]
[SourceQuality "1"]

1. d4 Nf6 2. c4 g6 3. Nc3 Bg7 4. e4 d6 5. Be2 0-0 6. Bg5 c5 7. d5 e6 8. Qd2 Re8 9. Nf3 exd5 10. exd5 Bg4 11. 0-0 Nbd7 12. h3 Bxf3 13. Bxf3 a6 14. a4 Qa5 15. Qc2 Qb4 16. a5 Ne5 17. Ra4 Nxf3+ 18. gxf3 Nh5 19. Rxb4 cxb4 20. Ne4 h6 21. Be3 Be5 22. c5 Rac8 23. c6 f5 24. Nd2 1-0

[Event "Titled Tuesday intern op 16th Feb"]
[Site "Chess.com INT"]
[Date "2021.02.16"]
[Round "6"]
[White "Schill, William"]
[Black "Elissalt Cardenas, Hector"]
[Result "0-1"]
[WhiteElo "2147"]
[BlackElo "2279"]
[PlyCount "72"]
[EventDate "2021.02.16"]
[EventType "swiss (blitz)"]
[EventRounds "11"]
[EventCountry "USA"]
[SourceTitle "EXT 2022"]
[Source "ChessBase"]
[SourceDate "2021.10.06"]
[SourceVersion "1"]
[SourceVersionDate "2021.10.06"]
[SourceQuality "1"]

1. e4 d6 2. d4 Nf6 3. Nc3 e5 4. Nf3 Nbd7 5. Bc4 Be7 6. a4 0-0 7. 0-0 c6 8. a5 Rb8 9. Re1 Qc7 10. b3 b5 11. axb6 axb6 12. dxe5 dxe5 13. Bb2 b5 14. Bf1 Bc5 15. h3 Qb6 16. Qe2 Re8 17. Nd1 Nh5 18. Ne3 Nf4 19. Qd1 f6 20. Ba3 Nf8 21. Bxc5 Qxc5 22. Nf5 Bxf5 23. exf5 Red8 24. Qc1 Qc3 25. Ra7 Nxh3+ 26. gxh3 Qxf3 27. Bg2 Qxf5 28. Bxc6 Qxh3 29. Bg2 Qg4 30. Qe3 Rd1 31. Rxd1 Qxd1+ 32. Kh2 Qxc2 33. Bd5+ Kh8 34. Be4 Qd1 35. Bf3 Qd4 36. Qxd4 exd4 0-1

[Event "Titled Tuesday intern op 16th Feb"]
[Site "Chess.com INT"]
[Date "2021.02.16"]
[Round "11"]
[White "Schill, William"]
[Black "Quirke, Jeffrey"]
[Result "1/2-1/2"]
[WhiteElo "2147"]
[BlackElo "2107"]
[PlyCount "98"]
[EventDate "2021.02.16"]
[EventType "swiss (blitz)"]
[EventRounds "11"]
[EventCountry "USA"]
[SourceTitle "EXT 2022"]
[Source "ChessBase"]
[SourceDate "2021.10.06"]
[SourceVersion "1"]
[SourceVersionDate "2021.10.06"]
[SourceQuality "1"]

1. e4 c6 2. d4 d5 3. Nd2 dxe4 4. Nxe4 Bf5 5. Qf3 e6 6. Be3 Nd7 7. Bd3 Bg6 8. Ne2 Ngf6 9. Nf4 Nxe4 10. Bxe4 Bxe4 11. Qxe4 Nf6 12. Qd3 Bd6 13. Ne2 Qc7 14. 0-0-0 0-0-0 15. Kb1 Kb8 16. Nc3 Bf4 17. g3 Bd6 18. Ne4 Nxe4 19. Qxe4 Be7 20. Rd3 Ka8 21. Rhd1 Rd7 22. Bf4 Bd6 23. Bxd6 Qxd6 24. f4 Qd5 25. Qxd5 Rxd5 26. c4 Rd7 27. Kc2 Rhd8 28. Kc3 b5 29. b3 Kb7 30. Kb4 Kb6 31. Kc3 a5 32. Kc2 b4 33. R1d2 h5 34. h4 Kc7 35. Rd1 Rh8 36. Kd2 Rh6 37. Ke3 Rg6 38. Kf3 Rh6 39. d5 exd5 40. cxd5 Rhd6 41. Ke4 g6 42. dxc6 Rxd3 43. Rxd3 Rxd3 44. Kxd3 Kxc6 45. Kc4 f6 46. Kd4 Kd6 47. Kc4 Kc6 48. Kd4 Kd6 49. Kc4 Kc6 1/2-1/2

[Event "Titled Tuesday intern op 16th Feb"]
[Site "Chess.com INT"]
[Date "2021.02.16"]
[Round "8"]
[White "Schill, William"]
[Black "Schut, Han"]
[Result "0-1"]
[WhiteElo "2147"]
[BlackElo "2101"]
[PlyCount "60"]
[EventDate "2021.02.16"]
[EventType "swiss (blitz)"]
[EventRounds "11"]
[EventCountry "USA"]
[SourceTitle "EXT 2022"]
[Source "ChessBase"]
[SourceDate "2021.10.06"]
[SourceVersion "1"]
[SourceVersionDate "2021.10.06"]
[SourceQuality "1"]

1. e4 c5 2. Nf3 d6 3. d4 cxd4 4. Nxd4 Nf6 5. Nc3 a6 6. Bg5 e6 7. f4 Be7 8. Qf3 h6 9. Bh4 g5 10. fxg5 Nfd7 11. Qh5 Ne5 12. 0-0-0 Ng6 13. Bg3 hxg5 14. Qe2 Nd7 15. Kb1 Nde5 16. Nf3 Qc7 17. Nxe5 Nxe5 18. Bxe5 dxe5 19. Qe3 Bd7 20. Be2 0-0-0 21. g3 Kb8 22. Qf2 Rh7 23. h4 gxh4 24. gxh4 b5 25. a3 Rc8 26. Bd3 Bxa3 27. Ne2 Bc5 28. Qf3 Bc6 29. h5 f5 30. h6 Rch8 0-1

[Event "Titled Tuesday intern op 09th Feb"]
[Site "Chess.com INT"]
[Date "2021.02.09"]
[Round "3"]
[White "Fiorito, Fabian"]
[Black "Schill, William"]
[Result "1-0"]
[WhiteElo "2380"]
[BlackElo "2147"]
[PlyCount "69"]
[EventDate "2021.02.09"]
[EventType "swiss (blitz)"]
[EventRounds "11"]
[EventCountry "USA"]
[SourceTitle "EXT 2022"]
[Source "ChessBase"]
[SourceDate "2021.10.06"]
[SourceVersion "1"]
[SourceVersionDate "2021.10.06"]
[SourceQuality "1"]

1. e4 c5 2. d3 Nc6 3. g3 g6 4. Bg2 Bg7 5. f4 d6 6. Nf3 e5 7. 0-0 Nge7 8. Nc3 0-0 9. f5 gxf5 10. Nh4 Nd4 11. Bg5 f6 12. Be3 Qe8 13. exf5 Ndxf5 14. Nxf5 Nxf5 15. Bd5+ Kh8 16. Bd2 Be6 17. Bxb7 Rb8 18. Be4 Nd4 19. b3 f5 20. Bd5 Qg6 21. Bxe6 Nxe6 22. Nd5 f4 23. Kg2 fxg3 24. hxg3 Nf4+ 25. Nxf4 exf4 26. Bxf4 Bxa1 27. Qxa1+ Kg8 28. Qd1 Rbe8 29. Rf2 d5 30. Qd2 d4 31. Qa5 Qc6+ 32. Kh2 Re6 33. Qd2 Rfe8 34. Rg2 Qd7 35. Bh6 1-0

[Event "Titled Tuesday intern op 09th Feb"]
[Site "Chess.com INT"]
[Date "2021.02.09"]
[Round "11"]
[White "Ptacnikova, Lenka"]
[Black "Schill, William"]
[Result "1-0"]
[WhiteElo "2130"]
[BlackElo "2147"]
[PlyCount "63"]
[EventDate "2021.02.09"]
[EventType "swiss (blitz)"]
[EventRounds "11"]
[EventCountry "USA"]
[SourceTitle "EXT 2022"]
[Source "ChessBase"]
[SourceDate "2021.10.06"]
[SourceVersion "1"]
[SourceVersionDate "2021.10.06"]
[SourceQuality "1"]

1. d4 Nf6 2. g3 g6 3. Bg2 Bg7 4. e4 0-0 5. Nc3 d6 6. Nge2 e5 7. d5 Nbd7 8. 0-0 Nh5 9. Bf3 Ndf6 10. Kh1 Bh3 11. Re1 Bg4 12. Bg2 Qd7 13. f3 Bh3 14. g4 Bxg2+ 15. Kxg2 Nxg4 16. fxg4 Qxg4+ 17. Ng3 Nf4+ 18. Bxf4 Qxf4 19. Nb5 Rfc8 20. Rf1 Qh4 21. Qf3 Qe7 22. Rf2 h5 23. Raf1 Rf8 24. Qc3 h4 25. Ne2 Rac8 26. Nxa7 Ra8 27. Nb5 Ra4 28. Qf3 Rb4 29. Nbc3 Rxb2 30. Qg4 Rxc2 31. Kh1 c6 32. Rf3 1-0